000 01349 a2200217 4500
001 26997
005 20260407155547.0
008 260407a2005 arg spa d
003 AR-UNSa-BCEJYS
040 _aAR-UNSa-BCEJYS
_bspa
_cAR-UNSa-BCEJYS
080 _a347.77
_xPropiedad industrial, comercial y científica. Derecho sobre patentes y marcas. Registro de modelos, planos, marcas y nombres comerciales
245 1 0 _aPatentes de invención
_pdiez años de jurisprudencia, comentarios y fallos
020 _a987-03-0599-7
264 1 _aBuenos Aires :
_bUniversidad de Buenos Aires. Facultad de Derecho
_c2005
300 _axvi, 399 p.
_c24 cm.
505 _a1. Introducción - 2. Patentes de reválida - 3. El plazo de duración de las patentes: prórroga de la protección a veinte años - 4. La mayor protección bajo el acuerdo sobre los ADPIC (artículo 70.7) - 5. Nulidad y caducidad - 6. Biotecnología - 7. Medidas cautelares - 8. Derechos exclusivos de comercialización - 9. El rol del acuerdo sobre los ADPIC y de la convención de Viena en los fallos "Unilever", "Pfizer" y "Karl Thomae"
942 _cBK
590 _aniveau_biblio:m niveau_hierar:0
100 1 _aKors, Jorge A.
856 4 1 _uhttps://biblioeco.unsa.edu.ar/pmb/images/libros/Patentes de invencion diez a?os de jurisprudencia-l87983.jpg
_yImagen de portada
_qimage/jpeg
999 _c1531
_d1531